Les 20 préfectures les plus proches de Marseille - Statistiques

Statistiques générales
  • Ce quiz a été pris 198 fois
    171 depuis la dernière actualisation
  • Le résultat moyen est 16 sur 20
Statistiques - réponses
distance (en km) ville préfecture % Correct
160 Nice
98%
126 Montpellier
97%
277 Lyon
95%
49 Toulon
95%
101 Nimes
91%
86 Avignon
90%
152 Gap
88%
213 Grenoble
84%
186 Valence
84%
251 Saint-Etienne
79%
113 Digne les Bains
76%
295.94 Annecy
71%
212 Perpignan
71%
256 Chambéry
70%
203 Mende
68%
172 Privas
68%
245 Carcassonne
67%
253 Rodez
64%
228 Le Puy en Velay
57%
269 Albi
48%
Aucun quiz correspondant
Distribution des résultats
% des personnes avec chaque résultat
Percentile par nombre de réponses
Votre historique - résultats
Vous n’avez pas pris ce quiz depuis la dernière actualisation